धूर. (Record no. 259577)

MARC details
000 -LEADER
fixed length control field 00614nam a2200181Ia 4500
008 - FIXED-LENGTH DATA ELEMENTS--GENERAL INFORMATION
fixed length control field 090630s9999 xx 000 0 und d
082 ## - DEWEY DECIMAL CLASSIFICATION NUMBER
Item number 7721
100 ## - MAIN ENTRY--PERSONAL NAME
Personal name उजळंबकर कृष्णमुकुंद.
245 ## - TITLE STATEMENT
Title धूर.
Statement of responsibility, etc उजळंबकर कृष्णमुकुंद.
260 ## - PUBLICATION, DISTRIBUTION, ETC. (IMPRINT)
Name of publisher, distributor, etc कालिंदी.
Date of publication, distribution, etc 1983
300 ## - PHYSICAL DESCRIPTION
Extent 185
600 ## - SUBJECT ADDED ENTRY--PERSONAL NAME
Personal name उजळंबकर कृष्णमुकुंद.
630 ## - SUBJECT ADDED ENTRY--UNIFORM TITLE
Uniform title धूर.
655 ## - INDEX TERM--GENRE/FORM
Genre/form data or focus term कादंबरी.
700 ## - ADDED ENTRY--PERSONAL NAME
Personal name उजळंबकर कृष्णमुकुंद.
730 ## - ADDED ENTRY--UNIFORM TITLE
Uniform title धूर.
942 ## - ADDED ENTRY ELEMENTS (KOHA)
Koha item type Book
Holdings
Withdrawn status Lost status Damaged status Not for loan Home library Current library Date acquired Cost, normal purchase price Total Checkouts Full call number Barcode Date last seen Cost, replacement price Price effective from Koha item type
        Sarvajanik Wachanalaya Shrivardhan Sarvajanik Wachanalaya Shrivardhan   20.00   7721 SAWASHRI-7721 06/30/2009 20.00 06/30/2009 Book